| 000 | 00769cam a22002653a 4500 | ||
|---|---|---|---|
| 001 | 11352 | ||
| 003 | PGUSA | ||
| 005 | 20140828083235.0 | ||
| 008 | 040201s2004||||xxu|||||s|||||000 | eng d | ||
| 040 |
_aPGUSA _beng |
||
| 042 | _adc | ||
| 050 | 4 | _aUA | |
| 100 | 1 |
_aBernhardi, Friedrich von, _d1849-1930 |
|
| 245 | 1 | 0 |
_aGermany and the Next War _h[electronic resource] / _cFriedrich von Bernhardi |
| 260 |
_bProject Gutenberg, _c2004 |
||
| 506 | _aPublic domain in the USA. | ||
| 516 | _aElectronic text | ||
| 653 | _aGermany -- Foreign relations | ||
| 653 | _aGermany. Heer | ||
| 653 | _aGermany. Kriegsmarine | ||
| 653 | _aImaginary wars and battles | ||
| 830 | 0 |
_aProject Gutenberg _v11352 |
|
| 856 | 4 | 0 | _uhttp://www.gutenberg.org/ebooks/11352 |
| 942 | _cEB | ||
| 999 |
_c240607 _d240607 |
||